Shatadru dandege. (Record no. 111680)
[ view plain ]
| 000 -LEADER | |
|---|---|
| fixed length control field | 01574nam a2200205Ia 4500 |
| 003 - CONTROL NUMBER IDENTIFIER | |
| control field | OSt |
| 005 - DATE AND TIME OF LATEST TRANSACTION | |
| control field | 20250214100707.0 |
| 008 - FIXED-LENGTH DATA ELEMENTS--GENERAL INFORMATION | |
| fixed length control field | 210210b1977 xxu||||| |||| 00| 0 eng d |
| 040 ## - CATALOGING SOURCE | |
| Transcribing agency | AL |
| 041 ## - LANGUAGE CODE | |
| Language code of text/sound track or separate title | Kannada |
| 082 ## - DEWEY DECIMAL CLASSIFICATION NUMBER | |
| Classification number | K894.3 BHAS |
| 100 ## - MAIN ENTRY--PERSONAL NAME | |
| Personal name | BHARATISUTA. |
| Dates associated with a name | ಭಾರತೀಸುತ |
| 9 (RLIN) | 199592 |
| 245 ## - TITLE STATEMENT | |
| Title | Shatadru dandege. |
| Remainder of title | ಶತದ್ರು ದಂಡೆಗೆ |
| 260 ## - PUBLICATION, DISTRIBUTION, ETC. | |
| Place of publication, distribution, etc. | Madikeri |
| Name of publisher, distributor, etc. | Shri Kaveri Prakashana |
| Date of publication, distribution, etc. | 1977 |
| 300 ## - PHYSICAL DESCRIPTION | |
| Extent | vi,428 |
| 520 ## - SUMMARY, ETC. | |
| Summary, etc. | 'ಶತದ್ರು ದಂಡೆಗೆ' ಕಾದಂಬರಿ 1947-1948 ರ ಭಾರತ ಸ್ವಾತಂತ್ರ್ಯ ನಂತರದ ದಿನಗಳ ಚಿತ್ರಣ ; ವಿಶೇಷವಾಗಿ ಹಿಂದೂಸ್ತಾನ ಮತ್ತು ಪಾಕಿಸ್ತಾನಗಳ ಉಗಮ ಕಾಲದ ಹಿಂಸಾತ್ಮಕ ಸಂಘರ್ಷವನ್ನು ಈ ಕೃತಿ ಕಟ್ಟಿ ಕೊಡುತ್ತದೆ. ಹಿಂದೂ- ಮುಸ್ಲಿಮ್ ರ ವೈಷಮ್ಯಗಳ ನಡುವೆಯೂ ಮಾನವೀಯ ಮೌಲ್ಯಗಳ ಸೆಲೆ ಬತ್ತಿಲ್ಲ ಎನ್ನುವುದನ್ನು ಅತ್ಯಂತ ಸರಳವಾಗಿ ಸತ್ಯವನ್ನೇ ನಿರೂಪಿಸುತ್ತದೆ. ಐತಿಹಾಸಿಕ ಅಂಶಗಳನ್ನು ಒಳಗೊಂಡಿರುವ ಈ ಕಾದಂಬರಿ ಅಮರಚಂದ ಮತ್ತು ಸ್ವರೂಪರಾಣಿ ಅವರ ಆಕಸ್ಮಿಕ ಭೇಟಿಯಿಂದಲೇ ಆರಂಭವಾಗುತ್ತದೆ. |
| 690 ## - LOCAL SUBJECT ADDED ENTRY--TOPICAL TERM (OCLC, RLIN) | |
| Topical term or geographic name as entry element | Kannada Fiction |
| 9 (RLIN) | 199593 |
| 906 ## - LOCAL DATA ELEMENT F, LDF (RLIN) | |
| a | SG00121 |
| 942 ## - ADDED ENTRY ELEMENTS (KOHA) | |
| Source of classification or shelving scheme | Dewey Decimal Classification |
| Koha item type | Book |
| Withdrawn status | Lost status | Source of classification or shelving scheme | Damaged status | Not for loan | Collection code | Home library | Current library | Shelving location | Date acquired | Cost, normal purchase price | Total Checkouts | Full call number | Barcode | Date last seen | Price effective from | Koha item type |
|---|---|---|---|---|---|---|---|---|---|---|---|---|---|---|---|---|
| Dewey Decimal Classification | Kannada | St Aloysius Library | St Aloysius Library | Secondary stack section | 02/17/2021 | 0.00 | K894.3 BHAS | SG00121 | 02/17/2021 | 02/17/2021 | Special Grants |